000 00375nam a2200157Ia 4500
001 19142
003 IN-NITTTR
005 20251114233221.0
008 251113s9999||||xx |||||||||||||| ||eng||
040 _beng
040 _cIN-NITTTR
041 _aeng
082 _a004.54 B66G
245 0 _aGetting into VSAM :
_b an introduction and technical reference /
942 _2ddc
_cBK
999 _c21776
_d21776